Volali ma Čvirik Ján Vrabec (54), sexuológ

Bibliographic Details
Main Authors: Himič, Dan (Author), Vrabec, Ján, 1950-2006 (Author, uin)
Format: Article
Language:Slovak
PhysicalDescription:Fotogr.
ISSN:0139-6323
Subjects:

MARC

LEADER 00000nab a2200000 a 4500
001 vtls000863221
003 SK-MaSNL
005 20260302161247.0
008 160322c2004 xo 0 slo
015 |a SNBRB2004/02-05532 
035 |a CLN000214786 
040 |a SNKBUCL  |b slo  |c SNKBUCL  |e AACR2 
041 0 |a slo 
044 |a xo  |c SK 
080 |a 61-051  |2 UDC-MRF-SK2 
080 |a 929 Vrabec, Ján  |2 UDC-MRF-SK2 
100 1 |a Himič, Dan  |4 aut  |9 217231 
245 1 0 |a Volali ma Čvirik  |b Ján Vrabec (54), sexuológ  |c [zhováral sa] Dan Himič 
300 |b Fotogr. 
600 1 7 |a Vrabec, Ján,  |d 1950-2006  |2 snkbucl  |9 13377 
655 7 |a články z novín a časopisov  |2 snkbucl  |9 267496 
700 1 |a Vrabec, Ján,  |d 1950-2006  |4 aut  |4 uin  |9 13377 
773 0 |x 0139-6323  |t Život  |g Roč. 54, č. 7 (2004), s. 14 
850 |a Slovenská národná knižnica v Martine 
852 |a SNK  |b KIS3GCP 
958 |a BX 
999 |c 1376830  |d 1378760